Techeometric plane-tabling and the gradient telemeter level (Record no. 544132)

000 -LEADER
fixed length control field 00348nam a22001217a 4500
082 ## - DEWEY DECIMAL CLASSIFICATION NUMBER
Classification number 526.98
Author Mark VEA
-- L-tech, P-111
100 ## - MAIN ENTRY--PERSONAL NAME
Personal name C.J. Veale
9 (RLIN) 39689
245 ## - TITLE STATEMENT
Title Techeometric plane-tabling and the gradient telemeter level
Statement of responsibility, etc. Veale, C.J.
300 ## - PHYSICAL DESCRIPTION
Extent 26p.
Other physical details ill.
526 ## - STUDY PROGRAM INFORMATION NOTE
Program name 0
Interest level 0
Reading level 0
Title point value 526_980000000000000_VEA
650 ## - SUBJECT ADDED ENTRY--TOPICAL TERM
Topical term or geographic name entry element MCE
9 (RLIN) 379
942 ## - ADDED ENTRY ELEMENTS (KOHA)
Source of classification or shelving scheme
Koha item type Book
Holdings
Withdrawn status Lost status Source of classification or shelving scheme Damaged status Not for loan Permanent Location Current Location Date acquired Total Checkouts Full call number Barcode Date last seen Price effective from Koha item type
          Military College of Engineering (MCE) Military College of Engineering (MCE) 04/11/2014   526.98 VEA MCE-40103 04/11/2014 04/11/2014 Book
© 2023 Central Library, National University of Sciences and Technology. All Rights Reserved.